000
00329nam a2200133Ia 4500
005
20251222152010.0
008
251222s9999||||xx |||||||||||||| ||spa||
082
_a
863/C28
100
_a
Carcelén Gandía, Miguel Ángel
245
0
_a
Crisálida
250
_a
1ra.ed.
264
_b
Imprenta Provincial de Valencia
942
_c
LIB
999
_c
24884
_d
24884